Las Artes Mayores - Estadísticas

Estadísticas generales
  • Esta prueba ha sido intentada 136 veces
  • La puntuación promedio es 4 de 6
Estadísticas de respuestas
Arte Mayor % Correcto
Pintura
97%
Escultura
93%
Música
66%
Arquitectura
64%
Poesía
53%
Danza
50%
No se encontraron pruebas coincidentes
Distribución de puntuación
Porcentaje de gente con cada puntuación
Porcentaje por número respondido
Historial de tus puntuaciones
No has intentado esta prueba.